01409nas a2200241Ia 4500001001100000003001000011008004100021040002500062041001300087100002500100210003500125222003500160245006500195250001100260260005000271300001100321310001500332362003500347500032400382501011400706520032400820650002301144R050-S3019IT-CnALBA170116c99999999xx |||||||||||| ||und|| aIT-CnALBAcIT-CnALBA aITALIANO aFERRUA ANGELICO, OP. aRIVISTA DI PASTORALE LITURGICA aRIVISTA DI PASTORALE LITURGICA 0aRIVISTA DI PASTORALE LITURGICA. SETTEMBRE 1970. ORGANO CAI.  a1a ed. a BRESCIAbQUERINIANA EDIT. LIBR. VESC. c1970 a96 p.  aBIMESTRALE aFascicolo: 42 / Anno: 8 (1970) aFALSINI R. UFFICIO DIVINO PREGHIERA UFFICIALE DELLA CHIESA. RIFORMA BREVIARIO. DIFFICOLTÀ E RICERCA SULLA CATECHESI DEL PECCATO ORIGINALE. GRUPPO LITURGICO PASTORALE. PROPOSTE ED ESPERIENZE. ISTITUZIONE E CARISMA NELLA RIFORMA LITURGICA. OPINIONI. ASTERISCHI. LETTERE ALLA DIREZIONE. MESSA DI GRUPPO. DOCUMENTAZIONE.  aSocietà San Paolo EM - Piazza San Paolo, 14 - 12051 ALBA (CN) (non commercial uses only) ® Copyright 2017 aFALSINI R. UFFICIO DIVINO PREGHIERA UFFICIALE DELLA CHIESA. RIFORMA BREVIARIO. DIFFICOLTÀ E RICERCA SULLA CATECHESI DEL PECCATO ORIGINALE. GRUPPO LITURGICO PASTORALE. PROPOSTE ED ESPERIENZE. ISTITUZIONE E CARISMA NELLA RIFORMA LITURGICA. OPINIONI. ASTERISCHI. LETTERE ALLA DIREZIONE. MESSA DI GRUPPO. DOCUMENTAZIONE.  aTEOLOGIA PASTORALE